<?xml version="1.0" encoding="UTF-8"?>
<collection xmlns="http://www.loc.gov/MARC21/slim">
 <record>
  <leader>01696nam a2200217Ia 4500</leader>
  <controlfield tag="001">CTU_100513</controlfield>
  <controlfield tag="008">210402s9999    xx            000 0 und d</controlfield>
  <datafield tag="020" ind1=" " ind2=" ">
   <subfield code="c">23000</subfield>
  </datafield>
  <datafield tag="082" ind1=" " ind2=" ">
   <subfield code="a">895.92231</subfield>
  </datafield>
  <datafield tag="082" ind1=" " ind2=" ">
   <subfield code="b">Ch107</subfield>
  </datafield>
  <datafield tag="100" ind1=" " ind2=" ">
   <subfield code="a">Hồ, Biểu Chánh</subfield>
  </datafield>
  <datafield tag="245" ind1=" " ind2="0">
   <subfield code="a">Cay đắng mùi đời</subfield>
  </datafield>
  <datafield tag="245" ind1=" " ind2="0">
   <subfield code="c">Hồ Biểu Chánh</subfield>
  </datafield>
  <datafield tag="260" ind1=" " ind2=" ">
   <subfield code="a">Thành phố Hồ Chí Minh</subfield>
  </datafield>
  <datafield tag="260" ind1=" " ind2=" ">
   <subfield code="b">Văn hóa Sài Gòn</subfield>
  </datafield>
  <datafield tag="260" ind1=" " ind2=" ">
   <subfield code="c">2005</subfield>
  </datafield>
  <datafield tag="520" ind1=" " ind2=" ">
   <subfield code="a">&quot;... Thằng Được nghe nói cũng chảy nước mắt rồi nói rằng: &quot;Tôi không chịu đâu má. Tôi ở với má hà&quot;. Ba Thời nghe con nói mấy lời thì đứt ruột nát gan, song cũng gắng gượng mà nói với con rằng: &quot;Con ơi ! Con còn nhỏ dại nên con không hiểu, chớ thân má mà nuôi con đây thiệt là thảm khổ không biết chừng nào. Mấy tháng nay tía con nó cứ nghi cho má lấy trai nên đẻ con ra đó chớ không phải là xí được con mà nuôi, bởi vậy cho nên nó ghét con, mà nó lại hành hài thân má hoài. Thiệt nếu má cự, không chịu giao con cho ông già đó, thì không ai làm sao mà dắt con đi được, song nếu má cản trở thì tía con nó nghi con là con của má đẻ, dường ấy cái danh tiết của má còn gì, vì vậy nên má thương con mà không mở miệng ra được&quot;.</subfield>
  </datafield>
  <datafield tag="650" ind1=" " ind2=" ">
   <subfield code="a">Vietnamese fiction</subfield>
  </datafield>
  <datafield tag="650" ind1=" " ind2=" ">
   <subfield code="y">20th century</subfield>
  </datafield>
  <datafield tag="904" ind1=" " ind2=" ">
   <subfield code="i">Hiếu</subfield>
  </datafield>
  <datafield tag="980" ind1=" " ind2=" ">
   <subfield code="a">Trung tâm Học liệu Trường Đại học Cần Thơ</subfield>
  </datafield>
 </record>
</collection>
